Prísne utajený prieskum Úloha raketového problému v predvolebnej situácii NSR

Bibliographic Details
Main Author: Bydžovský, Juraj (Author)
Format: Article
Language:Slovak
Subjects:

MARC

LEADER 00000nab a2200000 a 4500
001 vtls000135045
003 SK-MaSNL
005 20260303030026.0
008 111104c1983 xo 0 slo
015 |a SNBRB19rr/mm-uuuuu 
035 |a CL0145151 
040 |a SNKBUCL  |b slo  |c SNKBUCL  |e AACR2 
041 0 |a slo 
044 |a xo  |c SK 
080 |a 323(100-12)(430.1)  |2 1981 
100 1 |a Bydžovský, Juraj  |4 aut  |9 730789 
245 1 0 |a Prísne utajený prieskum  |b Úloha raketového problému v predvolebnej situácii NSR  |c Juraj Bydžovský 
650 0 7 |a Spolková republika Nemecko  |2 snkbucl  |9 514854 
650 0 7 |a vnútorná politika  |2 snkbucl  |9 970 
655 7 |a články z novín a časopisov  |2 snkbucl  |9 267496 
773 0 |t Pravda  |g Roč. 64, č. 5 (7. 1. 1983), s. 6 
850 |a Slovenská národná knižnica v Martine  |a MTA001 
852 |a SNK  |b KIS3GCP 
958 |a RK 
992 |a RBX 
999 |c 1649959  |d 1651889